000 00613nam a2200193 i 4500
001 96102
003 ES-MaACL
005 20230906181835.0
007 t|
008 050610s1976 sp ||||1| spa d
100 1 _aMadison, Gary Brendt.
_975328
245 1 0 _aSentido y existencia
_b: homenaje a Paul Ricoeur /
_cGary Brendt Madison (ed.); [tradujo Enrique López Castellón].
260 _aEstella (Navarra) :
_bVerbo Divino,
_c1976.
300 _a305 p. ;
_c22 cm.
490 1 _aHombre y sociedad
830 0 _aHombre y sociedad
_9182556
852 _aES-MaACL
_jA-7121
_bR.96259
999 _c96102
_d96102